Major Party Ticket Candidates From Each State Quiz Stats

 Plays Quiz not verified by Sporcle

Score 0/33 Timer 20:00
0 Plays Today
% Correct
TEXAS
WDP: L.B.Johnson
WDV: J.N.Garner, L.B.Johnson
LDV: L.Bentsen
WRP: G.H.W.Bush, G.W.Bush
WRV: G.H.W.Bush
LRP: G.H.W.Bush
70.8%
NEW YORK
WDP: G.Cleveland, F.D.Roosevelt
LDP: H.Seymour, H.Greeley, S.Tilden, G.Cleveland, A.Parker, A.Smith, H.Clinton
LDV: F.D.Roosevelt,G.Ferraro
WRP: T.Roosevelt, D.Eisenhower, R.Nixon, D.Trump
WRV: W.Wheeler, C.Arthur, L.Morton, T.Roosevelt, J.Sherman
LRP: C.Hughes, W.Wilkie, T.Dewey
LRV: W.Reid, J.Sherman, W.Miller, J.Kemp
67.5%
ILLINOIS
WDP: B.Obama
WDV: A.Stevenson I
LDP: S.Douglas, A.Stevenson II
LDV: A.Stevenson I
WRP: A.Lincoln, U.S.Grant
WRV: C.Dawes
LRV: J.Logan, F.Knox
67%
CALIFORNIA
WRP: H.Hoover, R. Nixon, R.Reagan
WRV: R.Nixon
LRP: J.Fremont, H.Hoover, R.Nixon
LRV: E.Warren
65.6%
ARKANSAS
WDP: B.Clinton
LDV: J.Robinson
65.6%
ALASKA
LRV: S.Palin
63.8%
MASSACHUSETTS
WDP: J.F.Kennedy
LDP: M.Dukakis, J.Kerry
WRP: C.Coolidge
WRV: H.Wilson, C.Coolidge
LRP: M.Romney
LRV: H.C.Lodge
63.4%
ARIZONA
LRP: B.Goldwater, J.McCain
62.4%
GEORGIA
WDP: J.Carter
LDP: J.Carter
LDV: H.Johnson
60.7%
INDIANA
WDV: T.Hendricks, T.Marshall
LDV: T.Hendricks, W.English, J.Kern
WRP: B.Harrison
WRV: S.Colfax, C.Fairbanks, D.Quayle, M.Pence
LRP: B.Harrison
LRV: C.Fairbanks, D.Quayle
53.1%
DELAWARE
WDV: J.Biden
52.3%
TENNESSEE
WDV: A.Gore
LDP: A.Gore
LDV: E.Kefauver
WRV: A.Johnson
52%
MINNESOTA
WDV: H.Humphrey, W.Mondale
LDP: H.Humphrey, W.Mondale
LDV: W.Mondale
49.2%
MISSOURI
WDP: H.Truman
WDV: H.Truman
LDV: F.Blair, B.Brown, T.Eagleton
49%
MICHIGAN
LRP: G.Ford
48.8%
OHIO
LDP: J.Cox
LDV: G.Pendleton, A.Thurman
WRP: R.B.Hayes. J.Garfield, W.McKinley, W.H.Taft, W.Harding
LRP: W.H.Taft
LRV: J.Bricker
48.6%
KANSAS
WRV: C.Curtis
LRP: A.Landon, B.Dole
LRV: C.Curtis, B.Dole
43.4%
% Correct
WYOMING
WRV: D.Cheney
40.6%
NEW JERSEY
WDP: W.Wilson
LDV: G.McClellan
WRV: G.Hobart
LRV: W.Dayton
36.9%
VIRGINIA
LDV: T.Kaine
32.4%
WISCONSIN
LRV: P.Ryan
31.5%
NORTH CAROLINA
LDV: J.Edwards
30.4%
CONNECTICUT
LDV: J.Lieberman
30.2%
MARYLAND
LDV: S.Shriver
WRV: S.Agnew
27%
SOUTH DAKOTA
LDP: G.McGovern
26.7%
PENNSYLVANIA
WDP: J.Buchanan
LDP: W.Hancock
24.6%
MAINE
LDV: A.Sewall, E.Muskie
WRV: H.Hamlin
LRP: J.Blaine
23.3%
NEBRASKA
LDP: W.J.Bryan
LDV: C.Bryan
18.8%
KENTUCKY
WDV: J.Breckinridge, A.Barkley
15.6%
ALABAMA
LDV: J.Sparkman
10.2%
IOWA
WDV: H.Wallace
10.2%
WEST VIRGINIA
LDV: H.Davis
10.1%
OREGON
LRV: C.McNary
8%

You're not logged in!

Compare scores with friends on all Sporcle quizzes.
OR
Log In

Sporcle TV

Today on Sporcle TV


Watch our educational content, quiz creation guides, and fun videos on Sporcle TV.

Show Comments

Extras

Top Quizzes Today


Score Distribution

Your Account Isn't Verified!

In order to create a playlist on Sporcle, you need to verify the email address you used during registration. Go to your Sporcle Settings to finish the process.

Report this User

Report this user for behavior that violates our Community Guidelines.

Details: